<?xml version="1.0" encoding="UTF-8"?>
<record
    xmlns:xsi="http://www.w3.org/2001/XMLSchema-instance"
    xsi:schemaLocation="http://www.loc.gov/MARC21/slim http://www.loc.gov/standards/marcxml/schema/MARC21slim.xsd"
    xmlns="http://www.loc.gov/MARC21/slim">

  <leader>00497nam a2200181Ia 4500</leader>
  <controlfield tag="003">OSt</controlfield>
  <controlfield tag="005">20251024110041.0</controlfield>
  <controlfield tag="008">220923b        |||||||| |||| 00| 0 ben d</controlfield>
  <datafield tag="037" ind1=" " ind2=" ">
    <subfield code="c">Textual</subfield>
  </datafield>
  <datafield tag="040" ind1=" " ind2=" ">
    <subfield code="a">ARTS</subfield>
    <subfield code="c">ARTS</subfield>
    <subfield code="b">ben</subfield>
  </datafield>
  <datafield tag="041" ind1=" " ind2=" ">
    <subfield code="2">ben</subfield>
    <subfield code="a">ben</subfield>
  </datafield>
  <datafield tag="084" ind1=" " ind2=" ">
    <subfield code="a">NT44v, 157N4.1-.3</subfield>
    <subfield code="b">AL</subfield>
  </datafield>
  <datafield tag="100" ind1=" " ind2=" ">
    <subfield code="a">Jia Haider  </subfield>
    <subfield code="9">209787</subfield>
  </datafield>
  <datafield tag="245" ind1=" " ind2="0">
    <subfield code="a">Theatere katha</subfield>
  </datafield>
  <datafield tag="260" ind1=" " ind2=" ">
    <subfield code="c">1994</subfield>
  </datafield>
  <datafield tag="942" ind1=" " ind2=" ">
    <subfield code="h">NT44v, 157N4.3</subfield>
    <subfield code="c">TB</subfield>
    <subfield code="2">CC</subfield>
    <subfield code="n">0</subfield>
  </datafield>
  <datafield tag="999" ind1=" " ind2=" ">
    <subfield code="c">439787</subfield>
    <subfield code="d">439787</subfield>
  </datafield>
  <datafield tag="952" ind1=" " ind2=" ">
    <subfield code="0">0</subfield>
    <subfield code="1">0</subfield>
    <subfield code="4">0</subfield>
    <subfield code="7">0</subfield>
    <subfield code="a">ARTS</subfield>
    <subfield code="b">ARTS</subfield>
    <subfield code="d">2022-09-24</subfield>
    <subfield code="l">1</subfield>
    <subfield code="o">NT44v 157N4.3</subfield>
    <subfield code="p">AL1130309</subfield>
    <subfield code="r">2026-03-20 16:49:39</subfield>
    <subfield code="s">2026-03-17</subfield>
    <subfield code="w">2022-09-24</subfield>
    <subfield code="y">TEXL</subfield>
  </datafield>
  <datafield tag="952" ind1=" " ind2=" ">
    <subfield code="0">0</subfield>
    <subfield code="1">0</subfield>
    <subfield code="2">CC</subfield>
    <subfield code="4">0</subfield>
    <subfield code="7">0</subfield>
    <subfield code="a">ARTS</subfield>
    <subfield code="b">ARTS</subfield>
    <subfield code="d">2025-10-24</subfield>
    <subfield code="h">Vol.2</subfield>
    <subfield code="l">0</subfield>
    <subfield code="o">NT44v 157N4.2</subfield>
    <subfield code="p">AL1130308</subfield>
    <subfield code="r">2025-10-24 11:01:42</subfield>
    <subfield code="w">2025-10-24</subfield>
    <subfield code="y">TB</subfield>
  </datafield>
</record>
